header

iSeries Access for Windows V5R2 hot topics (Record no. 210698)

MARC details
000 -LEADER
fixed length control field 01524nam a2200373Ia 4500
082 04 - DEWEY DECIMAL CLASSIFICATION NUMBER
Classification number 005.4/46
100 1# - MAIN ENTRY--AUTHOR NAME
Personal name Schulz, Jeremy.
245 10 - TITLE STATEMENT
Title iSeries Access for Windows V5R2 hot topics
250 ## - EDITION STATEMENT
Edition statement 1st ed.
260 ## - PUBLICATION, DISTRIBUTION, ETC. (IMPRINT)
Place of publication [S.l.] :
Name of publisher IBM, International Technical Support Organization,
Year of publication c2004.
300 ## - PHYSICAL DESCRIPTION
Number of Pages x, 152 p. :
Other physical details ill.
490 1# - SERIES STATEMENT
Series statement IBM redbooks
650 #0 - SUBJECT ADDED ENTRY--TOPICAL TERM
Topical Term Operating systems (Computers)
Topical Term Computer security.
700 1# - ADDED ENTRY--PERSONAL NAME
Personal name Cook, Jim,
856 40 - ELECTRONIC LOCATION AND ACCESS
Uniform Resource Identifier http://site.ebrary.com/lib/rucke/Doc?id=10112786

No items available.

© 2026 Rongo University
Contact us: librarian | system librarian | Rongo university